Optoelectronics (Record no. 211117)

MARC details
000 -LEADER
fixed length control field 00480nam a2200169Ia 4500
008 - FIXED-LENGTH DATA ELEMENTS--GENERAL INFORMATION
fixed length control field 230714s9999 xx 000 0 und d
020 ## - INTERNATIONAL STANDARD BOOK NUMBER
International Standard Book Number 9790000000000
041 ## - LANGUAGE CODE
Language code of text/sound track or separate title eng
082 ## - DEWEY DECIMAL CLASSIFICATION NUMBER
Classification number 621.381'04
Item number SIN
100 ## - MAIN ENTRY--PERSONAL NAME
Personal name Singh J.
9 (RLIN) 116383
245 ## - TITLE STATEMENT
Title Optoelectronics
Remainder of title An Introduction To Materials And Devices
260 ## - PUBLICATION, DISTRIBUTION, ETC. (IMPRINT)
Date of publication, distribution, etc. 2014
Name of publisher, distributor, etc. McGraw Hill
300 ## - PHYSICAL DESCRIPTION
Extent 537
365 ## - TRADE PRICE
Currency code Rs.
Price amount 1095.00
700 ## - ADDED ENTRY--PERSONAL NAME
Personal name Singh J.
9 (RLIN) 116383
906 ## - LOCAL DATA ELEMENT F, LDF (RLIN)
d O:0377817-Feb-2014B:42309-Jan-2014
c INST
b 821.25

No items available.